| 000 | 00783nac a22002171u 4500 | ||
|---|---|---|---|
| 010 | _a012111356 | ||
| 020 | _a0852005121 | ||
| 082 |
_a615.3705 _bW6911 |
||
| 090 |
_c3395 _d3395 |
||
| 100 | _aWilson, J. Douglas. | ||
| 245 |
_aDiagnostic immunology and serology : _ba clinicians’ guide / _c J.D. Wilson and Sandra I. Simpson. |
||
| 260 |
_aLancaster : _b MTP Press, C.1980. _cC.1980. |
||
| 300 |
_a161p. ; _b 24cm. |
||
| 500 | _aDonations. | ||
| 500 | _aDonations -Bibliotheca Alexanrina. | ||
| 650 | _aImmunology. | ||
| 650 | _aImmunology and Serology-Diagnostic. | ||
| 700 | _aSimpson, Sandra I. | ||
| 942 |
_cBB _k615.3705W6911 |
||
| 999 |
_c3395 _d3395 |
||